000 00630 a2200133 4500
050 _aRT41
_b.C65 2009
100 _aMinistry of Medical Services and Ministry of Public Health and Sanitation.
_98883
245 _aClinical Management and Referral Guidelines Volume II
_bclinical guidelines for management and referral of common conditions at Level 2-3 Primary care/
_cEdited by Margaret Crouch.
260 _aAfya House Nairobi :
_bMinistry of Medical Services and Ministry of Public Health and Sanitation,
_cc2009.
300 _axliv, 392p. :
_bill. ;
_c21cm
490 _alevel 2-3
504 _aincludes indexes.
942 _2lcc
_cBK
_n0
999 _c4331
_d4331